000 00651nam a2200181Ia 4500
003 IN-BaIIA
008 211028s9999 xx 000 0 eng d
020 _a92-9092-339-7
040 _cIIA Library
080 _a083.8:524.3
_bESA-9
110 _aEuropean Space Agency
245 0 _aHipparcos and Tycho catalogues
_bvol. 9, Hipparcos catalogue 19h - 23h: 93201-118322
_cEuropean Space Agency
260 _aNetherlands
_bEuropean Space Agency
_c1997
300 _a1374-2377p.
490 _aESA SP-1200
650 _aHipparcos and Tycho catalogues, Catalog-Hipparcos and Tycho, Star catalog
_921722
942 _cBK
999 _c12411
_d12411